[Event "TCh-CHN 2012"]
[Site "Hangzhou CHN"]
[Date "2012.10.08"]
[Round "17"]
[White "Zhou, Jianchao"]
[Black "Lu, Shanglei"]
[Result "1-0"]
[WhiteTitle "GM"]
[BlackTitle "GM"]
[WhiteElo "2625"]
[BlackElo "2514"]
[WhiteTeam "Shanghai Jianqiao Academy Team"]
[BlackTeam "Zhejiang Yinzhou Team"]
[WhiteFideId "8603537"]
[BlackFideId "8603332"]
[EventDate "2012.04.28"]

1. d4 f5 2. Nf3 Nf6 3. c4 g6 4. g3 Bg7 5. Bg2 d6 6. O-O O-O 7. Nc3 c6 8. Rb1 Ne4
9. Qc2 e5 10. dxe5 Nxc3 11. Qxc3 dxe5 12. e4 Na6 13. b4 Nc7 14. Nxe5 fxe4 15.
Bxe4 Bxe5 16. Qxe5 Re8 17. Qf4 Ne6 18. Qh6 Qf6 19. Re1 Nd4 20. Bb2 Bg4 21. Qe3
Nf3+ 22. Kh1 Qxb2 23. Rxb2 Nxe1 24. Qxe1 Bf3+ 25. Kg1 Rxe4 26. Qc3 Rf8 27. Rb1
g5 28. h3 h5 29. Qd2 Re5 30. Re1 Rxe1+ 31. Qxe1 g4 32. hxg4 hxg4 33. Qe6+ Kg7
34. Kf1 Rf6 35. Qd7+ Rf7 36. Qd4+ Kg6 37. Qd3+ Kf6 38. Qd6+ Kg7 39. Ke1 a6 40.
Kd2 Rf6 41. Qe7+ Rf7 42. Qg5+ Kf8 43. Qd8+ Kg7 44. a4 b5 45. a5 bxc4 46. Qd4+
Rf6 47. Qxc4 c5 48. Qxc5 Re6 49. b5 axb5 50. Qxb5 Kf7 51. a6 Re8 52. a7 Rg8 53.
Qd7+ Kf6 54. Ke3 Rf8 55. Kf4 Kg6+ 56. Ke5 Rg8 57. Qe6+ Kg7 58. Qf6+ Kh7 59. Qf7+
Kh8 60. Kf6 1-0

[Event "TCh-CHN 2012"]
[Site "Hangzhou CHN"]
[Date "2012.10.08"]
[Round "17"]
[White "Qiu, Mengjie"]
[Black "Zhang, Xiaowen"]
[Result "1/2-1/2"]
[BlackTitle "WGM"]
[WhiteElo "1968"]
[BlackElo "2354"]
[WhiteTeam "Zhejiang Yinzhou Team"]
[BlackTeam "Shanghai Jianqiao Academy Team"]
[WhiteFideId "8606137"]
[BlackFideId "8603219"]
[EventDate "2012.04.28"]

1. e4 e6 2. d4 d5 3. Nd2 Nf6 4. e5 Nfd7 5. Bd3 c5 6. c3 Nc6 7. Ne2 cxd4 8. cxd4
f6 9. Nf4 Nxd4 10. Qh5+ Ke7 11. exf6+ Nxf6 12. Ng6+ hxg6 13. Qxh8 Kf7 14. Qh4 e5
15. Nf3 Nxf3+ 16. gxf3 Bf5 17. Bxf5 gxf5 18. Bg5 Qa5+ 19. Kf1 Rc8 20. Kg2 Rc4
21. Qh3 g6 22. b3 Rc2 23. Qh8 Bg7 24. Qa8 Qb6 25. Rhf1 e4 26. Rac1 exf3+ 27.
Kxf3 Rxc1 28. Rxc1 Ne4 29. Be3 d4 30. Qb8 Nc5 31. Bf4 Qc6+ 32. Kg3 Ne4+ 33. Kg2
Nc3+ 34. f3 Bf6 35. Be5 Qb5 36. Bxf6 Qe2+ 37. Kg3 Ne4+ 38. fxe4 Qe3+ 39. Kg2
Qxe4+ 40. Kf1 Qf3+ 41. Ke1 Qe3+ 42. Kd1 Qd3+ 43. Ke1 Qe3+ 1/2-1/2

[Event "TCh-CHN 2012"]
[Site "Hangzhou CHN"]
[Date "2012.10.08"]
[Round "17"]
[White "Ding, Yixin"]
[Black "Ju, Wenjun"]
[Result "0-1"]
[WhiteTitle "WGM"]
[BlackTitle "WGM"]
[WhiteElo "2350"]
[BlackElo "2557"]
[WhiteTeam "Zhejiang Yinzhou Team"]
[BlackTeam "Shanghai Jianqiao Academy Team"]
[WhiteFideId "8602972"]
[BlackFideId "8603006"]
[EventDate "2012.04.28"]

1. e4 c5 2. Nf3 d6 3. c3 Nf6 4. Be2 Nc6 5. d4 cxd4 6. cxd4 Nxe4 7. d5 Qa5+ 8.
Nc3 Nxc3 9. bxc3 Nd8 10. O-O e5 11. Qb3 Qc7 12. Ba3 f6 13. Bb5+ Bd7 14. c4 Be7
15. Nd2 Nf7 16. Rab1 b6 17. f4 O-O 18. f5 g6 19. Qg3 Kh8 20. fxg6 Rg8 21. Bxd7
Qxd7 22. Qf2 Rxg6 23. Ne4 Rag8 24. Ng3 Nh6 25. Rb3 f5 26. Bb2 Bh4 27. Qd2 Qg7
28. Rff3 Rg4 29. Qb4 Qg6 30. Qd2 Nf7 31. Kh1 Ng5 32. Rf4 Ne4 33. Rxg4 Qxg4 34.
Nxe4 fxe4 35. h3 Be1 36. Qc2 Qf4 37. Qe2 Bf2 38. Ba3 e3 39. Qf1 Rg6 40. Bb4 Kg7
41. Rb2 Rf6 42. Qe2 Bg3 43. Rb1 Qe4 44. Rg1 Rh6 0-1

[Event "TCh-CHN 2012"]
[Site "Hangzhou CHN"]
[Date "2012.10.08"]
[Round "17"]
[White "Huang, Qian"]
[Black "Ren, Xiaoyi"]
[Result "1-0"]
[WhiteTitle "WGM"]
[WhiteElo "2399"]
[BlackElo "2202"]
[WhiteTeam "Chongqing Team"]
[BlackTeam "Chengdu Bank Team"]
[WhiteFideId "8602689"]
[BlackFideId "8608709"]
[EventDate "2012.04.28"]

1. c4 Nf6 2. d4 g6 3. Nc3 Bg7 4. Nf3 O-O 5. g3 d6 6. Bg2 c6 7. O-O Qa5 8. h3 e5
9. e4 Re8 10. Be3 Be6 11. d5 cxd5 12. cxd5 Bd7 13. a3 b5 14. b4 Qc7 15. Qd3 Qb7
16. Rfb1 Nh5 17. Nd2 f5 18. Nb3 f4 19. Bd2 Na6 20. g4 Nf6 21. f3 Qb6+ 22. Kf1
Rac8 23. Be1 Nc7 24. Bf2 Qb8 25. Kg1 Na8 26. Na5 a6 27. a4 bxa4 28. b5 axb5 29.
Nxb5 Bxb5 30. Rxb5 Rc3 31. Qxc3 Qxb5 32. Bf1 Qd7 33. Nc6 Nc7 34. Rxa4 Nfxd5 35.
exd5 e4 36. Qc4 e3 37. Be1 g5 38. Bd3 Qf7 39. Ra7 Ra8 40. Rxa8+ Nxa8 41. Qb4 Bf8
42. Nd8 Qa7 43. Qe4 Qe7 44. Ne6 Nc7 45. Nxg5 Qxe4 46. Nxe4 Kf7 47. Bc4 Be7 48.
Bb4 Ne8 49. Kf1 Kg6 50. Bd3 Kf7 51. g5 Kf8 52. h4 Nc7 53. Bc4 Ne8 54. Bb5 Ng7
55. Bxd6 Nf5 56. Bxf4 Nxh4 57. Ke2 Nf5 58. Bxe3 Kf7 59. Bd3 Ba3 60. Bc5 Bc1 61.
d6 Ke6 62. Bc4+ Ke5 63. d7 Ng3+ 64. Nxg3 Bxg5 65. f4+ 1-0

[Event "TCh-CHN 2012"]
[Site "Hangzhou CHN"]
[Date "2012.10.08"]
[Round "17"]
[White "Tan, Zhongyi"]
[Black "Gunina, Valentina"]
[Result "0-1"]
[WhiteTitle "WGM"]
[BlackTitle "IM"]
[WhiteElo "2438"]
[BlackElo "2511"]
[WhiteTeam "Chongqing Team"]
[BlackTeam "Chengdu Bank Team"]
[WhiteFideId "8603642"]
[BlackFideId "4167570"]
[EventDate "2012.04.28"]

1. d4 d5 2. c4 c6 3. cxd5 cxd5 4. Bf4 Nf6 5. Nc3 Nc6 6. e3 e6 7. Bd3 Bd6 8. Bxd6
Qxd6 9. f4 O-O 10. Nf3 a6 11. O-O b5 12. Ne5 Bb7 13. Qf3 Ne7 14. g4 g6 15. Rf2
Kg7 16. Raf1 Nfg8 17. f5 f6 18. Qg3 Rad8 19. Ne2 Bc8 20. Nf4 exf5 21. gxf5 Bxf5
22. Bxf5 fxe5 23. dxe5 Qb6 24. Ne6+ Kh8 25. Bh3 Rxf2 26. Qxf2 Re8 27. Qf7 Qxe3+
28. Rf2 Nf5 29. Qxe8 Qxh3 30. Nf4 Qg4+ 31. Ng2 Ne3 32. h3 Qd1+ 33. Kh2 Nf1+ 34.
Rxf1 Qxf1 35. e6 Qf6 36. Qc6 Qe5+ 37. Kh1 d4 38. Qd7 Qe4 39. Kh2 d3 40. Qd6 g5
41. b3 Kg7 42. Qd7+ Kh6 43. Qd6 Nf6 44. Qf8+ Kg6 45. Qf7+ Kf5 46. Qa7 Qxe6 47.
Ne3+ Kg6 48. Qc5 Qe4 49. a4 d2 50. axb5 axb5 51. b4 Qxe3 52. Qxe3 d1=Q 53. Qc5
Qe2+ 54. Kg1 Ne4 55. Qc6+ Kh5 56. Qe8+ Kh4 57. Qf7 Qe1+ 58. Kg2 Qg3+ 59. Kh1
Qxh3+ 60. Kg1 Qg4+ 61. Kh1 Kg3 62. Qc7+ Qf4 0-1

[Event "TCh-CHN 2012"]
[Site "Beijing CHN"]
[Date "2012.10.09"]
[Round "18"]
[White "Liu, Qingnan"]
[Black "Harikrishna, P."]
[Result "0-1"]
[WhiteTitle "IM"]
[BlackTitle "GM"]
[WhiteElo "2461"]
[BlackElo "2678"]
[WhiteTeam "Tianjin Qin Huangdao Team"]
[BlackTeam "Chengdu Bank Team"]
[WhiteFideId "8603294"]
[BlackFideId "5007003"]
[EventDate "2012.04.28"]

1. e4 e5 2. Nc3 Nf6 3. g3 d5 4. exd5 Nxd5 5. Bg2 Nxc3 6. bxc3 Bc5 7. Ne2 Nc6 8.
O-O O-O 9. d3 Bg4 10. h3 Be6 11. c4 Qd7 12. Kh2 Rad8 13. Be3 Bxe3 14. fxe3 Ne7
15. Nc3 f5 16. Qh5 Rf6 17. Rab1 c6 18. e4 f4 19. Qxe5 Ng6 20. Qh5 fxg3+ 21. Kh1
Nf4 22. Qh4 Nxg2 23. Qxg3 Rg6 0-1

[Event "TCh-CHN 2012"]
[Site "Beijing CHN"]
[Date "2012.10.09"]
[Round "18"]
[White "Malakhov, Vladimir"]
[Black "Liu, Guanchu"]
[Result "1-0"]
[WhiteTitle "GM"]
[WhiteElo "2705"]
[BlackElo "2260"]
[WhiteTeam "Tianjin Qin Huangdao Team"]
[BlackTeam "Chengdu Bank Team"]
[WhiteFideId "4120787"]
[BlackFideId "8603901"]
[EventDate "2012.04.28"]

1. Nf3 f5 2. d3 d5 3. c4 e6 4. g3 c6 5. Nbd2 Nf6 6. Bg2 Bc5 7. O-O O-O 8. b3 Qe7
9. Bb2 Nbd7 10. Qc2 a5 11. Rad1 a4 12. bxa4 Bb4 13. Rb1 Nb6 14. Bxf6 Rxf6 15. d4
Nd7 16. e3 Bd6 17. Ne1 Qd8 18. Bf3 Qa5 19. Bd1 Bb4 20. Ndf3 Bxe1 21. Rxe1 dxc4
22. Qxc4 Nb6 23. Qd3 Nxa4 24. Bb3 Nc3 25. Rbc1 Nd5 26. Ne5 Qd8 27. f3 Nc7 28. e4
fxe4 29. fxe4 Ra5 30. Qe3 Rb5 31. Qc3 Rf8 32. Rf1 Ne8 33. Rxf8+ Kxf8 34. Rf1+
Nf6 35. Nd3 Kg8 36. Nc5 Qe7 37. a4 Rxc5 38. Qxc5 Qxc5 39. dxc5 Nxe4 40. Rd1 Nxc5
41. Rd8+ Kf7 42. Rxc8 Nxb3 43. Rc7+ Kf6 44. Rxb7 1-0

[Event "TCh-CHN 2012"]
[Site "Beijing CHN"]
[Date "2012.10.09"]
[Round "18"]
[White "Gunina, Valentina"]
[Black "Ning, Chunhong"]
[Result "1/2-1/2"]
[WhiteTitle "IM"]
[BlackTitle "WGM"]
[WhiteElo "2511"]
[BlackElo "2328"]
[WhiteTeam "Chengdu Bank Team"]
[BlackTeam "Tianjin Qin Huangdao Team"]
[WhiteFideId "4167570"]
[BlackFideId "8600376"]
[EventDate "2012.04.28"]

1. Nf3 c5 2. c4 Nc6 3. Nc3 Nf6 4. g3 e6 5. Bg2 Be7 6. O-O O-O 7. d4 cxd4 8. Nxd4
a6 9. e4 Qc7 10. b3 d6 11. Be3 Bd7 12. Rc1 Rac8 13. Nd5 exd5 14. cxd5 Qa5 15.
dxc6 bxc6 16. Qd2 Qxd2 17. Bxd2 d5 18. exd5 Nxd5 19. Ba5 c5 20. Nc2 Nb4 21. Nxb4
cxb4 22. Bb7 Rxc1 23. Rxc1 Bb5 24. Re1 Bd6 25. Rd1 Bc5 26. Rd5 Be7 27. Rd4 Rb8
28. Bd5 Be8 29. Bc4 Kf8 30. Bf1 g6 31. Bc7 Rc8 32. Bf4 a5 33. Bh6+ Kg8 34. Re4
Bf8 35. Be3 a4 36. bxa4 Bxa4 37. Bc4 Rc7 38. Bb3 Bxb3 39. axb3 f5 40. Re8 Kf7
41. Bf4 Rc2 42. Re3 Bc5 43. Rf3 Bd4 44. Bd6 Bc3 45. Rf4 Rb2 46. Bxb4 Rxb3 47.
Bc5 h5 48. Kg2 Bf6 49. h4 Be7 50. Ba7 Ra3 51. Be3 Ra6 52. Rc4 Ke6 53. Rc7 Bf6
54. Rb7 Be7 1/2-1/2

[Event "TCh-CHN 2012"]
[Site "Beijing CHN"]
[Date "2012.10.09"]
[Round "18"]
[White "Wang, Chen"]
[Black "Zhou, Jianchao"]
[Result "1/2-1/2"]
[WhiteTitle "IM"]
[BlackTitle "GM"]
[WhiteElo "2490"]
[BlackElo "2625"]
[WhiteTeam "Chongqing Team"]
[BlackTeam "Shanghai Jianqiao Academy Team"]
[WhiteFideId "8601020"]
[BlackFideId "8603537"]
[EventDate "2012.04.28"]

1. e4 c5 2. Nf3 d6 3. Bb5+ Nd7 4. O-O a6 5. Bxd7+ Bxd7 6. Re1 e6 7. c3 Ne7 8. d4
Ng6 9. Bg5 Qc7 10. Nh4 Rc8 11. d5 e5 12. Nd2 Be7 13. Qh5 Bxg5 14. Qxg5 Nxh4 15.
Qxh4 c4 16. Kh1 O-O 17. f4 exf4 18. Qxf4 f6 19. Nf3 Rce8 20. Re2 Re7 21. Rae1
Rfe8 22. h3 a5 23. a3 Qc5 24. Nd4 Qc7 25. Nf3 Qc5 26. Nd4 Re5 27. Nf3 R5e7 28.
Nd4 Re5 29. Nf3 R5e7 30. Nd4 1/2-1/2

[Event "TCh-CHN 2012"]
[Site "Beijing CHN"]
[Date "2012.10.09"]
[Round "18"]
[White "Najer, Evgeniy"]
[Black "Lou, Yiping"]
[Result "0-1"]
[WhiteTitle "GM"]
[BlackTitle "IM"]
[WhiteElo "2640"]
[BlackElo "2419"]
[WhiteTeam "Chongqing Team"]
[BlackTeam "Shanghai Jianqiao Academy Team"]
[WhiteFideId "4118987"]
[BlackFideId "8603928"]
[EventDate "2012.04.28"]

1. e4 e6 2. d4 d5 3. Nc3 Nf6 4. e5 Nfd7 5. f4 c5 6. Nf3 Be7 7. Be3 b6 8. Qd2 O-O
9. a3 Nc6 10. Bd3 f5 11. O-O cxd4 12. Nxd4 Nxd4 13. Bxd4 Nc5 14. Bb5 Ba6 15. a4
Bxb5 16. axb5 Ne4 17. Qd3 Qd7 18. Ne2 Rac8 19. c3 Rc7 20. h3 h6 21. Kh2 Kh7 22.
Ng3 Nxg3 23. Kxg3 Bc5 24. Kh2 Bxd4 25. cxd4 Rfc8 26. Ra3 Rc2 27. Rfa1 Rxb2 28.
Rxa7 Rc7 29. Rxc7 Qxc7 30. Ra6 Qc1 31. Qg3 Rb1 32. Qf2 Qh1+ 33. Kg3 Rb3+ 34. Kh4
Qc1 35. Rxb6 g5+ 36. Kh5 Rxh3+ 0-1

[Event "TCh-CHN 2012"]
[Site "Beijing CHN"]
[Date "2012.10.09"]
[Round "18"]
[White "Gao, Rui"]
[Black "Ni, Hua"]
[Result "1/2-1/2"]
[WhiteTitle "IM"]
[BlackTitle "GM"]
[WhiteElo "2417"]
[BlackElo "2637"]
[WhiteTeam "Chongqing Team"]
[BlackTeam "Shanghai Jianqiao Academy Team"]
[WhiteFideId "8602387"]
[BlackFideId "8601160"]
[EventDate "2012.04.28"]

1. e4 e5 2. Nf3 Nc6 3. Bb5 Nf6 4. O-O Nxe4 5. Re1 Nd6 6. Nxe5 Be7 7. Bf1 Nf5 8.
c3 O-O 9. d4 Nxe5 10. Rxe5 g6 11. Nd2 d5 12. g3 c6 13. Bg2 Nd6 14. Re1 Bf5 15.
Nf3 Re8 16. Bf4 Be4 17. Nd2 Bxg2 18. Kxg2 Nf5 19. Nf3 f6 20. Qc2 Qd7 21. h4 h5
22. Re2 Bf8 23. Rae1 Rxe2 24. Qxe2 Kf7 25. Nd2 a5 26. a4 b5 27. Ra1 bxa4 28. Qd1
a3 29. bxa3 a4 30. Nf3 Qb7 31. Rb1 Qa6 32. Qc1 Re8 33. Qb2 Qd3 34. Qb7+ Re7 35.
Qb8 Qc2 36. Bd2 Qe4 37. Rb6 Re8 38. Qc7+ Re7 39. Qb8 Re8 40. Qc7+ Re7 41. Qc8
Re8 42. Qc7+ Re7 43. Qc8 Re8 44. Qc7+ 1/2-1/2

[Event "TCh-CHN 2012"]
[Site "Beijing CHN"]
[Date "2012.10.09"]
[Round "18"]
[White "Zhang, Xiaowen"]
[Black "Tan, Zhongyi"]
[Result "1/2-1/2"]
[WhiteTitle "WGM"]
[BlackTitle "WGM"]
[WhiteElo "2354"]
[BlackElo "2438"]
[WhiteTeam "Shanghai Jianqiao Academy Team"]
[BlackTeam "Chongqing Team"]
[WhiteFideId "8603219"]
[BlackFideId "8603642"]
[EventDate "2012.04.28"]

1. e4 c5 2. Nf3 Nc6 3. d4 cxd4 4. Nxd4 g6 5. Nc3 Bg7 6. Be3 Nf6 7. Be2 O-O 8.
Nb3 a5 9. a4 d6 10. O-O Be6 11. f4 Rc8 12. Kh1 Nb4 13. Bf3 Nc6 14. Be2 Nb4 15.
Bf3 Nd7 16. Nd4 Bc4 17. Rf2 e6 18. Bg4 Nb6 19. Rd2 Qe7 20. Ndb5 Bxb5 21. Bxb6
Bxc3 22. Bxa5 Na6 23. bxc3 Bc6 24. Bf3 Nc5 25. Rxd6 Bxe4 26. Rd4 Bxf3 27. Qxf3
Rc6 28. Rad1 e5 29. fxe5 Qxe5 30. Rd5 Qe7 31. Bb4 Re8 32. h3 Qc7 33. Bxc5 Rxc5
34. Rxc5 Qxc5 35. Qxb7 Qxc3 36. Rf1 Qc4 37. Qb5 Qe4 38. Qb3 Re7 39. a5 Rd7 40.
Qc3 Qe2 41. Rb1 Rd8 42. Re1 Qb5 43. Qc7 Ra8 44. Re5 Qf1+ 45. Kh2 Qf4+ 46. Kg1
Qc1+ 47. Kf2 Qf4+ 48. Ke2 Qg3 49. Kf1 Qf4+ 50. Kg1 Qc1+ 51. Kf2 Qf4+ 52. Kg1
Qc1+ 53. Kf2 Qf4+ 1/2-1/2

[Event "TCh-CHN 2012"]
[Site "Beijing CHN"]
[Date "2012.10.09"]
[Round "18"]
[White "Ju, Wenjun"]
[Black "Huang, Qian"]
[Result "1-0"]
[WhiteTitle "WGM"]
[BlackTitle "WGM"]
[WhiteElo "2557"]
[BlackElo "2399"]
[WhiteTeam "Shanghai Jianqiao Academy Team"]
[BlackTeam "Chongqing Team"]
[WhiteFideId "8603006"]
[BlackFideId "8602689"]
[EventDate "2012.04.28"]

1. d4 d6 2. Nf3 Bg4 3. e4 g6 4. Be2 Bg7 5. O-O Nf6 6. Nc3 c6 7. Be3 O-O 8. a4 a5
9. Nd2 Bxe2 10. Qxe2 Na6 11. f4 Nd7 12. Kh1 Nb4 13. Nf3 Qb6 14. e5 Nd5 15. Nxd5
cxd5 16. c3 e6 17. h4 Qa6 18. Qd1 f6 19. exd6 Qxd6 20. h5 gxh5 21. f5 Rae8 22.
Nh2 h4 23. Qh5 exf5 24. Bf4 Qe6 25. Nf3 Qf7 26. Qxf5 Re2 27. Rae1 Rfe8 28. Ng5
Rxe1 29. Qxh7+ Kf8 30. Bd6+ Qe7 31. Rxe1 Qxd6 32. Rxe8+ Kxe8 33. Qg6+ 1-0

[Event "TCh-CHN 2012"]
[Site "Beijing CHN"]
[Date "2012.10.09"]
[Round "18"]
[White "Negi, Parimarjan"]
[Black "Li, Shilong"]
[Result "1/2-1/2"]
[WhiteTitle "GM"]
[BlackTitle "GM"]
[WhiteElo "2639"]
[BlackElo "2549"]
[WhiteTeam "Zhejiang Yinzhou Team"]
[BlackTeam "Guangdong Huateng Club Team"]
[WhiteFideId "5016690"]
[BlackFideId "8600678"]
[EventDate "2012.04.28"]

1. e4 c5 2. Nf3 d6 3. d4 cxd4 4. Nxd4 Nf6 5. Nc3 Nc6 6. Bg5 e6 7. Qd2 a6 8.
O-O-O Bd7 9. f3 Be7 10. h4 b5 11. Kb1 O-O 12. Nxc6 Bxc6 13. Ne2 Bb7 14. Nd4 Rc8
15. g4 Nd7 16. Re1 Ne5 17. Bxe7 Qxe7 18. g5 Rfd8 19. f4 Nc4 20. Qf2 g6 21. h5 e5
22. Bh3 exd4 23. Bxc8 Rxc8 24. Qxd4 gxh5 25. Ka1 Qf8 26. Rxh5 Qg7 27. Qf6 Nd2
28. e5 dxe5 29. Rxe5 Qg6 30. Qxg6+ fxg6 31. Rh3 Rxc2 32. b3 Rc7 33. Re8+ Kg7 34.
Rhe3 Rf7 35. R8e7 Nf1 36. Rxf7+ Kxf7 37. Rh3 Kg8 38. Kb2 Be4 39. Rc3 h5 40. gxh6
Kh7 41. Kc1 Bf5 42. Kd1 Nh2 43. Rc6 Kxh6 44. Rxa6 Kh5 45. Rb6 Kg4 46. Rxb5 Kxf4
47. a4 g5 48. a5 g4 49. Rxf5+ Kxf5 50. a6 g3 51. Ke2 Ng4 52. Kf3 Ne5+ 53. Kxg3
Nc6 54. b4 Na7 55. b5 1/2-1/2

[Event "TCh-CHN 2012"]
[Site "Beijing CHN"]
[Date "2012.10.09"]
[Round "18"]
[White "Ding, Liren"]
[Black "Liu, Chang"]
[Result "1-0"]
[WhiteTitle "GM"]
[WhiteElo "2660"]
[BlackElo "2262"]
[WhiteTeam "Zhejiang Yinzhou Team"]
[BlackTeam "Guangdong Huateng Club Team"]
[WhiteFideId "8603677"]
[BlackFideId "8606340"]
[EventDate "2012.04.28"]

1. d4 Nf6 2. c4 e6 3. Nf3 d5 4. Nc3 Be7 5. Bf4 O-O 6. e3 c6 7. Bd3 Nbd7 8. O-O
dxc4 9. Bxc4 Nd5 10. Bg3 Nxc3 11. bxc3 b6 12. a4 Bb7 13. a5 bxa5 14. Bd3 Qc8 15.
Rxa5 c5 16. Qa1 a6 17. Qb2 Bd8 18. Raa1 Bc7 19. Rfb1 Bxf3 20. gxf3 Bxg3 21. hxg3
Nf6 22. Ra5 cxd4 23. cxd4 Qc7 24. Rxa6 Rab8 25. Qa1 Rxb1+ 26. Bxb1 Qc4 27. Ra8
g6 28. Kg2 Rxa8 29. Qxa8+ Kg7 30. Ba2 Qc7 31. Qa6 h5 32. Qb5 Nd7 33. Bb3 Nf6 34.
Ba4 Qa7 35. Qc6 Nd5 36. Bb3 Nf6 37. Qd6 Qb7 38. Bc4 Qc8 39. Bb5 Qf8 40. Qe5 Qd8
41. e4 Kg8 42. Bc6 Ne8 43. Bxe8 Qxe8 44. d5 Qb5 45. Qd6 exd5 46. exd5 Kg7 47.
Qd8 1-0

[Event "TCh-CHN 2012"]
[Site "Beijing CHN"]
[Date "2012.10.09"]
[Round "18"]
[White "Lu, Shanglei"]
[Black "Zeng, Chongsheng"]
[Result "0-1"]
[WhiteTitle "GM"]
[BlackTitle "IM"]
[WhiteElo "2514"]
[BlackElo "2435"]
[WhiteTeam "Zhejiang Yinzhou Team"]
[BlackTeam "Guangdong Huateng Club Team"]
[WhiteFideId "8603332"]
[BlackFideId "8603847"]
[EventDate "2012.04.28"]

1. e4 c6 2. Nc3 d5 3. Nf3 Bg4 4. h3 Bh5 5. exd5 cxd5 6. g4 Bg6 7. Bb5+ Nc6 8.
Ne5 Rc8 9. h4 f6 10. Nxg6 hxg6 11. d4 e6 12. a3 Bd6 13. Bd3 Nge7 14. Ne2 e5 15.
dxe5 fxe5 16. c4 e4 17. Bb1 Ne5 18. Qa4+ Kf8 19. cxd5 Rc4 20. Qb5 Nxd5 21. h5 b6
22. Rh3 Bc5 23. Ba2 Nc7 24. Qxc4 Nxc4 25. Bxc4 gxh5 26. gxh5 Qf6 27. Be3 Bxe3
28. fxe3 Qxb2 29. Rd1 Ke7 30. Rh4 Qe5 31. Nd4 Rh6 32. Rg4 Kf8 33. Rd2 Qxh5 34.
Rdg2 Qa5+ 35. Ke2 Qxa3 36. Rf2+ Rf6 37. Rxf6+ gxf6 38. Nc6 Qb2+ 39. Kd1 Nd5 0-1

[Event "TCh-CHN 2012"]
[Site "Beijing CHN"]
[Date "2012.10.09"]
[Round "18"]
[White "Munguntuul, Batkhuyag"]
[Black "Ding, Yixin"]
[Result "1/2-1/2"]
[WhiteTitle "IM"]
[BlackTitle "WGM"]
[WhiteElo "2451"]
[BlackElo "2350"]
[WhiteTeam "Guangdong Huateng Club Team"]
[BlackTeam "Zhejiang Yinzhou Team"]
[WhiteFideId "4900758"]
[BlackFideId "8602972"]
[EventDate "2012.04.28"]

1. e4 c5 2. Nf3 d6 3. d4 cxd4 4. Nxd4 Nf6 5. Nc3 a6 6. Bg5 e6 7. Qd2 Bd7 8. f3
h6 9. Be3 Nc6 10. O-O-O b5 11. Nxc6 Bxc6 12. g4 Be7 13. Kb1 Qc7 14. Rg1 Nd7 15.
g5 Ne5 16. Qf2 h5 17. h3 Rc8 18. f4 b4 19. fxe5 bxc3 20. exd6 Bxd6 21. Bb6 Qb8
22. b3 O-O 23. Bxa6 Qa8 24. Rxd6 Qxa6 25. Bc5 Rfd8 26. Rgd1 Rxd6 27. Rxd6 Qb7
28. g6 Bxe4 29. gxf7+ Qxf7 30. Qxf7+ Kxf7 31. Bd4 g5 32. Rd7+ Kg6 33. Rg7+ Kh6
34. Rf7 Bf5 35. Rf6+ Kh7 36. Rf7+ Kh6 37. Rf6+ Kh7 38. Rf7+ Kh6 1/2-1/2

[Event "TCh-CHN 2012"]
[Site "Beijing CHN"]
[Date "2012.10.09"]
[Round "18"]
[White "Li, Xueyi"]
[Black "Wang, Xiaohui"]
[Result "0-1"]
[BlackTitle "WIM"]
[WhiteElo "2076"]
[BlackElo "2209"]
[WhiteTeam "Guangdong Huateng Club Team"]
[BlackTeam "Zhejiang Yinzhou Team"]
[WhiteFideId "8605912"]
[BlackFideId "8603073"]
[EventDate "2012.04.28"]

1. d4 d6 2. c4 e5 3. dxe5 dxe5 4. Qxd8+ Kxd8 5. Nc3 Nf6 6. Bg5 Nd7 7. O-O-O c6
8. Nf3 Kc7 9. a3 a5 10. h3 Bd6 11. e4 a4 12. Be2 Nc5 13. Bxf6 gxf6 14. Nh4 Nb3+
15. Kb1 Nd4 16. Bg4 Be6 17. Bxe6 fxe6 18. f4 Rhg8 19. f5 Rg3 20. fxe6 Bxa3 21.
Nf5 Nxf5 22. exf5 Bb4 23. Rd7+ Kb6 24. Ne4 Rxg2 25. Rc1 Bc5 26. Rd3 Bd4 27. Rc2
Rg1+ 28. Ka2 Rf1 29. Rg2 Rf4 30. Nd6 Kc5 31. Nxb7+ Kxc4 32. Rdg3 Rf1 33. Ra3 Kd5
34. e7 Re8 35. Rxa4 Rxe7 36. Nd8 Rxf5 37. Ra5+ Kd6 38. Ra6 Ra7 39. Rxa7 Bxa7 40.
Rg7 Bd4 41. Rxh7 Rf2 42. Kb3 Rxb2+ 43. Kc4 Rc2+ 44. Kd3 Rc3+ 45. Ke4 Re3+ 46.
Kf5 Rf3+ 47. Ke4 Rf4+ 48. Kd3 c5 49. Kc4 Bf2+ 50. Kc3 Rh4 51. Nb7+ Kd5 0-1

[Event "TCh-CHN 2012"]
[Site "Beijing CHN"]
[Date "2012.10.09"]
[Round "18"]
[White "Zhang, Pengxiang"]
[Black "Zhou, Weiqi"]
[Result "0-1"]
[WhiteTitle "GM"]
[BlackTitle "GM"]
[WhiteElo "2591"]
[BlackElo "2628"]
[WhiteTeam "Hebei Sports Lottery Team"]
[BlackTeam "Jiangsu Taizhou Team"]
[WhiteFideId "8600970"]
[BlackFideId "8601674"]
[EventDate "2012.04.28"]

1. e4 c6 2. d4 d5 3. e5 Bf5 4. h4 h5 5. c4 e6 6. Nc3 Ne7 7. Nge2 Nd7 8. Ng3 Bg6
9. Bg5 Qb6 10. Na4 Qc7 11. c5 f6 12. exf6 gxf6 13. Be3 e5 14. Qd2 O-O-O 15. Be2
Nf5 16. Nxf5 Bxf5 17. b4 exd4 18. Qxd4 Bh6 19. Bxh6 Rxh6 20. Nc3 Rg6 21. g3 Bg4
22. O-O-O Ne5 23. Rhe1 Rdg8 24. Qe3 Qf7 25. Kb1 Bxe2 26. Nxe2 Rg4 27. Nd4 Qg6+
28. Ka1 Re4 29. Qc3 Rxe1 30. Qxe1 Re8 31. Qc3 Ng4 32. Qd2 a6 33. a4 Ne5 34. Re1
Nc4 35. Rxe8+ Qxe8 36. Qe2 0-1

[Event "TCh-CHN 2012"]
[Site "Beijing CHN"]
[Date "2012.10.09"]
[Round "18"]
[White "Zhao, Zong-Yuan"]
[Black "Yu, Ruiyuan"]
[Result "1/2-1/2"]
[WhiteTitle "GM"]
[WhiteElo "2556"]
[BlackElo "2511"]
[WhiteTeam "Hebei Sports Lottery Team"]
[BlackTeam "Jiangsu Taizhou Team"]
[WhiteFideId "3202534"]
[BlackFideId "8603090"]
[EventDate "2012.04.28"]

1. e4 c6 2. d4 d5 3. e5 Bf5 4. h4 h5 5. c4 e6 6. Nc3 Ne7 7. Nge2 Nd7 8. Ng3 Bg6
9. a3 dxc4 10. Bxc4 Nb6 11. Bb3 Nf5 12. Nxf5 Bxf5 13. Bg5 Be7 14. Qd2 f6 15. Bf4
Nd5 16. Nxd5 cxd5 17. exf6 Bxf6 18. Rc1 O-O 19. Rc7 Rf7 20. Rc3 Qb6 21. Be3 Rc7
22. Rxc7 Qxc7 23. O-O Bxh4 24. Rc1 Qd7 25. Bd1 g6 26. Bg5 Bxg5 27. Qxg5 Kh7 28.
Qf6 Rc8 29. Rxc8 Qxc8 30. Qe7+ Kg8 31. g3 Qc6 32. Kh2 Qc8 33. Kg2 a5 34. Bf3 b6
35. Qd6 Qb7 36. b4 axb4 37. axb4 Kf7 38. Qd8 Qc6 39. Be2 1/2-1/2